| 000 | 00662nam a22002177a 4500 | ||
|---|---|---|---|
| 003 | DO-SdBNP | ||
| 005 | 20240228133748.0 | ||
| 007 | ta | ||
| 008 | 211110b2021 dr a|||| |||| 00| 0 eng d | ||
| 020 | _a9789945221206 | ||
| 040 |
_aDO-SdBNP _bspa _cBNPHU |
||
| 082 | 4 | _222 | |
| 100 | 1 |
_aCastro Ventura, Santiago _91837 |
|
| 245 | 1 | 3 |
_aEl automóvil y las vías de circulación en la historia dominicana / _cSantiago Castro Ventura |
| 260 |
_aSanto Domingo : _bBúho, _c2021. |
||
| 300 |
_a420 p. : _bil. ; _c23 cm. |
||
| 500 | _aIncluye datos biográficos del autor en las solapas | ||
| 590 | _aInventariado, 2021/BT | ||
| 910 | _aBtavárez | ||
| 942 |
_2ddc _cLBS1 |
||
| 999 |
_c50908 _d50908 |
||